=LDR 00000nam 2200000 4500 =001 INLIS000000000048184 =005 20160901111641.0 =006 =007 =008 =020 ##$$a 979-602-9033-93-9 =035 ##$$0010-091600000000001 =082 ##$$a 907.2 =090 ##$$a 907.2 wil m =100 ##$$a william kelleher storey =245 ##$$a menulis sejarah : Panduan untuk mahasiswa =260 ##$$a Yogyakarta $b Pustaka Pelajar $c 2011 =300 ##$$a 181 hlm $c 21 cm =850 ##$$a nbpnmat =990 ##$$a 0001/BPAP-NTB/2016 =990 ##$$a 0001/BPAP-NTB/2016